[Event "Montreal op"]
[Site "Montreal CAN"]
[Date "1979.09.02"]
[Round "4"]
[White "Poulin, Maurice"]
[Black "Piasetski, Leon"]
[Result "1/2-1/2"]
[WhiteElo "1910"]
[BlackElo "2425"]
[PlyCount "97"]
[GameId "2160767912912565"]
[EventDate "1979.09.01"]
[EventType "swiss"]
[EventRounds "6"]
[EventCountry "CAN"]
[SourceTitle "EXT 2022"]
[Source "ChessBase"]
[SourceDate "2021.10.06"]
[SourceVersion "1"]
[SourceVersionDate "2021.10.06"]
[SourceQuality "1"]

1. e4 c5 2. Nf3 e6 3. Nc3 a6 4. g3 Nc6 5. Bg2 Nf6 6. O-O d6 7. d4 cxd4 8. Nxd4 Bd7 9. Re1 Qc7 10. Nxc6 bxc6 11. Be3 Rb8 12. Rb1 Be7 13. Na4 c5 14. c4 O-O 15. Nc3 Bc6 16. h3 Rb6 17. b3 Rfb8 18. Qc2 Be8 19. Kh2 Rd8 20. Rbd1 Nd7 21. f4 Rbb8 22. Rd2 Rbc8 23. Red1 Nb8 24. Ne2 Nc6 25. f5 Bf6 26. Nf4 Qe7 27. Qb1 Bd4 28. Re2 Rb8 29. Bd2 Ne5 30. Qc2 Bc6 31. fxe6 fxe6 32. Bc3 Bxc3 33. Qxc3 Ba8 34. Red2 Nc6 35. Rf2 Nd4 36. Rdf1 Rf8 37. Qa5 Bb7 38. Qd2 e5 39. Nd5 Bxd5 40. cxd5 Rxf2 41. Rxf2 Qd8 42. h4 a5 43. Bh3 Ra8 44. Be6+ Kh8 45. Rf7 a4 46. Qf2 axb3 47. axb3 Qe8 48. Bd7 Qd8 49. Be6 1/2-1/2

[Event "Montreal-ch"]
[Site "Montreal CAN"]
[Date "1979.01.??"]
[Round "?"]
[White "Witt, Laszlo"]
[Black "Piasetski, Leon"]
[Result "1/2-1/2"]
[WhiteElo "2173"]
[BlackElo "2365"]
[PlyCount "86"]
[GameId "2160767912913027"]
[EventDate "1979.01.??"]
[EventType "swiss"]
[EventRounds "9"]
[EventCountry "CAN"]
[SourceTitle "CFC 1979.03"]

1. d4 Nf6 2. Nf3 b6 3. g3 Bb7 4. Bg2 c5 5. c3 e6 6. O-O Be7 7. Bg5 O-O 8. Nbd2 h6 9. Bxf6 Bxf6 10. e4 Be7 11. Re1 d6 12. Qe2 Re8 13. Rad1 Nd7 14. h3 Rc8 15. Kh2 Bf8 16. dxc5 bxc5 17. c4 Qc7 18. Qd3 Rb8 19. Nb1 Bc6 20. b3 Red8 21. Qc2 g6 22. Re2 Bg7 23. Nc3 a6 24. Ne1 Rbc8 25. Red2 Nb8 26. f4 Be8 27. Nf3 Nc6 28. Ne2 Rb8 29. h4 a5 30. f5 Ne5 31. Nf4 Ng4+ 32. Kh1 Ne3 33. Qd3 Nxd1 34. Rxd1 Qe7 35. Bh3 Be5 36. fxe6 Bxf4 37. gxf4 fxe6 38. Rg1 Kh7 39. h5 Qf6 40. hxg6+ Bxg6 41. Bxe6 Qxf4 42. Rg4 Qc1+ 43. Rg1 Qf4 1/2-1/2

[Event "Quebec-ch"]
[Site "Montreal CAN"]
[Date "1979.??.??"]
[Round "?"]
[White "Piasetski, Leon"]
[Black "Spraggett, Kevin"]
[Result "0-1"]
[WhiteElo "2425"]
[BlackElo "2445"]
[PlyCount "118"]
[GameId "2160767912913091"]
[EventDate "1979.??.??"]
[EventType "swiss"]
[EventRounds "5"]
[EventCountry "CAN"]
[SourceTitle "EXT 2002"]
[Source "ChessBase"]
[SourceDate "2001.11.25"]
[SourceVersion "1"]
[SourceVersionDate "2001.11.25"]
[SourceQuality "1"]

1. c4 Nf6 2. Nf3 c5 3. d4 cxd4 4. Nxd4 Nc6 5. Nc3 e6 6. g3 Qb6 7. Nb3 Ne5 8. e4 Bb4 9. Qe2 O-O 10. f4 Nc6 11. Be3 Qc7 12. Bg2 Bxc3+ 13. bxc3 b6 14. e5 Ne8 15. c5 f6 16. O-O Rb8 17. Rab1 Ne7 18. exf6 Nxf6 19. Bd4 bxc5 20. Nxc5 Rxb1 21. Rxb1 Nf5 22. Bf2 Qa5 23. Rb3 d6 24. Nb7 Qc7 25. Bxa7 Nd5 26. c4 Bxb7 27. Qxe6+ Kh8 28. Bf2 Nxf4 29. gxf4 Bxg2 30. Kxg2 h6 31. Qd5 Qe7 32. a4 Qe2 33. Qd3 Qg4+ 34. Bg3 Re8 35. Kf2 Re3 36. Qxe3 Nxe3 37. Rxe3 Qd1 38. f5 Qc2+ 39. Re2 Qxf5+ 40. Ke1 Qa5+ 41. Rd2 Qxa4 42. Rxd6 Qxc4 43. Kf2 Qc2+ 44. Kg1 Kh7 45. h3 Qe2 46. h4 Kg8 47. Rb6 Kf7 48. Rb1 Kg6 49. Rf1 Kh5 50. Rf4 g6 51. Kh1 g5 52. hxg5 hxg5 53. Rf2 Qe4+ 54. Kg1 Kg4 55. Bc7 Qb1+ 56. Rf1 Qb2 57. Bh2 Qd4+ 58. Kg2 Qe4+ 59. Kf2 Kh3 0-1

[Event "CAN-ch"]
[Site "Toronto CAN"]
[Date "1978.08.07"]
[Round "3"]
[White "Lipnowski, Irwin"]
[Black "Piasetski, Leon"]
[Result "1/2-1/2"]
[WhiteElo "2390"]
[BlackElo "2410"]
[PlyCount "74"]
[GameId "2160767912913312"]
[EventDate "1978.08.05"]
[EventType "tourn"]
[EventRounds "15"]
[EventCountry "CAN"]
[SourceTitle "MCD"]
[Source "ChessBase"]
[SourceVersion "1"]
[SourceQuality "1"]

1. c4 c5 2. g3 Nf6 3. Bg2 Nc6 4. Nc3 e6 5. Nf3 d5 6. cxd5 exd5 7. d4 Be7 8. O-O O-O 9. dxc5 Bxc5 10. Na4 Be7 11. Be3 Bg4 12. Rc1 Re8 13. Nd4 Qd7 14. Nxc6 bxc6 15. Nc5 Bxc5 16. Rxc5 Ne4 17. Rc1 Nd6 18. Re1 Rab8 19. b3 Bf5 20. Qd4 Re7 21. Bf4 Rc8 22. Bxd6 Qxd6 23. e3 h6 24. Rc5 Rb8 25. Rec1 Rb6 26. R1c3 Reb7 27. Qd2 Bd7 28. Rc1 Rb5 29. Qc3 a5 30. Rxb5 Rxb5 31. Bf1 Rb4 32. a3 Rb7 33. Qxa5 Rxb3 34. Qd8+ Kh7 35. Rd1 Rb8 36. Bd3+ g6 37. Qa5 Rb3 1/2-1/2

[Event "CAN-ch"]
[Site "Toronto CAN"]
[Date "1978.08.08"]
[Round "4"]
[White "Vranesic, Zvonko"]
[Black "Piasetski, Leon"]
[Result "1-0"]
[WhiteElo "2395"]
[BlackElo "2410"]
[PlyCount "73"]
[GameId "2160767912913322"]
[EventDate "1978.08.05"]
[EventType "tourn"]
[EventRounds "15"]
[EventCountry "CAN"]
[SourceTitle "MCD"]
[Source "ChessBase"]
[SourceVersion "1"]
[SourceQuality "1"]

1. d4 e6 2. c4 b6 3. Nc3 Bb7 4. Nf3 Bb4 5. e3 f5 6. Bd3 Nf6 7. O-O O-O 8. Ne1 Bxc3 9. bxc3 d6 10. f3 c5 11. Qe2 Nc6 12. Nc2 Qd7 13. e4 Rae8 14. Bg5 h6 15. Bxf6 Rxf6 16. Rad1 Qc8 17. f4 fxe4 18. Bxe4 d5 19. cxd5 Nxd4 20. Qd3 Ne2+ 21. Qxe2 exd5 22. Rxd5 Qa8 23. Qd3 Rxe4 24. Rd8+ Qxd8 25. Qxd8+ Kh7 26. Qd2 Ba6 27. Rf2 Ree6 28. f5 Rd6 29. Qe1 Rd7 30. Rd2 Rxd2 31. Qxd2 Rxf5 32. Ne3 Rf6 33. h3 Bb7 34. Qd3+ Kg8 35. Ng4 Rf8 36. Qd7 Bc8 37. Qxa7 1-0

[Event "CAN-ch"]
[Site "Toronto CAN"]
[Date "1978.08.09"]
[Round "5"]
[White "Piasetski, Leon"]
[Black "Coudari, Camille"]
[Result "0-1"]
[WhiteElo "2410"]
[BlackElo "2285"]
[PlyCount "80"]
[GameId "2160767912913329"]
[EventDate "1978.08.05"]
[EventType "tourn"]
[EventRounds "15"]
[EventCountry "CAN"]
[SourceTitle "MCD"]
[Source "ChessBase"]
[SourceVersion "1"]
[SourceQuality "1"]

1. c4 g6 2. Nc3 Bg7 3. d4 Nf6 4. e4 d6 5. f3 O-O 6. Be3 Nc6 7. Nge2 a6 8. Qd2 Rb8 9. Bh6 e5 10. Bxg7 Kxg7 11. O-O-O Re8 12. g4 exd4 13. Nxd4 Be6 14. h4 h5 15. g5 Nd7 16. Nxe6+ fxe6 17. f4 Nf8 18. Rh2 Qd7 19. Rf2 Kh8 20. Be2 Qg7 21. f5 Ne5 22. Rdf1 b5 23. cxb5 axb5 24. Bxb5 Red8 25. Be2 d5 26. fxg6 d4 27. Nd1 Qxg6 28. Rf6 Qxe4 29. g6 Kg7 30. Rf7+ Kg8 31. R7f4 Qd5 32. Kb1 Nfxg6 33. Rg1 Kh7 34. Rf6 Rf8 35. Rfxg6 Nxg6 36. Bd3 Rf6 37. Rg5 Qf3 38. Be2 Qf4 39. Rxh5+ Kg7 40. Qd3 Rh8 0-1

[Event "CAN-ch"]
[Site "Toronto CAN"]
[Date "1978.08.10"]
[Round "6"]
[White "Jauregui, Carlos"]
[Black "Piasetski, Leon"]
[Result "0-1"]
[WhiteElo "2355"]
[BlackElo "2410"]
[PlyCount "84"]
[GameId "2160767912913333"]
[EventDate "1978.08.05"]
[EventType "tourn"]
[EventRounds "15"]
[EventCountry "CAN"]
[SourceTitle "MCD"]
[Source "ChessBase"]
[SourceVersion "1"]
[SourceQuality "1"]

1. c4 b6 2. Nf3 Bb7 3. g3 c5 4. Bg2 g6 5. O-O Bg7 6. Nc3 Nf6 7. d3 O-O 8. e4 Nc6 9. Nh4 Ne8 10. Bg5 a6 11. Qd2 Rb8 12. Rab1 b5 13. Nd5 Nc7 14. Rfe1 Ne6 15. Bh6 d6 16. Bxg7 Kxg7 17. f4 Ned4 18. e5 bxc4 19. dxc4 g5 20. fxg5 Nxe5 21. b3 Kh8 22. Rf1 Rg8 23. Rbe1 Bxd5 24. cxd5 Rg7 25. Nf5 Nxf5 26. Rxf5 Qb6 27. Kh1 Qb4 28. Qe2 Rbg8 29. Ref1 Rxg5 30. Rxg5 Rxg5 31. Qxa6 Qd4 32. Qe2 Rg8 33. Be4 Rg4 34. Bg2 Kg7 35. Qf2 Qxf2 36. Rxf2 Rd4 37. Rf1 Rd2 38. Ra1 Rb2 39. Bf1 Nf3 40. Bg2 Nd4 41. Re1 Kf8 42. Be4 Rxa2 0-1

[Event "CAN-ch"]
[Site "Toronto CAN"]
[Date "1978.08.11"]
[Round "7"]
[White "Piasetski, Leon"]
[Black "Spraggett, Kevin"]
[Result "0-1"]
[WhiteElo "2410"]
[BlackElo "2450"]
[PlyCount "80"]
[GameId "2160767912913346"]
[EventDate "1978.08.05"]
[EventType "tourn"]
[EventRounds "15"]
[EventCountry "CAN"]
[SourceTitle "MCD"]
[Source "ChessBase"]
[SourceVersion "1"]
[SourceQuality "1"]

1. c4 e5 2. Nc3 d6 3. d4 Nf6 4. Nf3 Nbd7 5. Bg5 h6 6. Bh4 Be7 7. e3 O-O 8. Qc2 c6 9. O-O-O Qa5 10. Kb1 Re8 11. Rg1 Nb6 12. dxe5 dxe5 13. Nd2 Nbd7 14. Be2 Nf8 15. Bxf6 Bxf6 16. Nce4 Be7 17. g4 Ne6 18. h4 Bxh4 19. Nf3 Bg5 20. Rh1 Be7 21. Rh5 f6 22. Nh4 Rd8 23. Rh1 Nf8 24. Nf5 Bxf5 25. gxf5 Rd7 26. c5 Rad8 27. a3 Kh8 28. Qb3 Nh7 29. Rc1 Qc7 30. Rh4 Ng5 31. Nxg5 fxg5 32. Rhc4 Rd2 33. R1c2 Qd7 34. e4 Rd4 35. Ka2 Bf6 36. f3 Kh7 37. R4c3 g6 38. Bc4 gxf5 39. Be6 Qe7 40. Bxf5+ Kg7 0-1

[Event "CAN-ch"]
[Site "Toronto CAN"]
[Date "1978.08.13"]
[Round "8"]
[White "Biyiasas, Peter"]
[Black "Piasetski, Leon"]
[Result "1/2-1/2"]
[WhiteElo "2450"]
[BlackElo "2410"]
[PlyCount "69"]
[GameId "2160767912913349"]
[EventDate "1978.08.05"]
[EventType "tourn"]
[EventRounds "15"]
[EventCountry "CAN"]
[SourceTitle "MCD"]
[Source "ChessBase"]
[SourceVersion "1"]
[SourceQuality "1"]

1. e4 e6 2. d3 d5 3. Nd2 Nc6 4. Ngf3 Nf6 5. c3 Be7 6. g3 a5 7. e5 Nd7 8. d4 f6 9. Qe2 fxe5 10. Nxe5 Ndxe5 11. dxe5 O-O 12. f4 Bc5 13. Nb3 Ba7 14. Be3 Bxe3 15. Qxe3 a4 16. Nd4 Ne7 17. Bh3 Ra6 18. O-O Rb6 19. Rf2 c5 20. Nf3 Qc7 21. Raf1 Bd7 22. a3 h6 23. Kh1 Be8 24. Nh4 Nf5 25. Nxf5 exf5 26. Bg2 Bf7 27. Rd1 Rd8 28. Rfd2 d4 29. cxd4 cxd4 30. Rxd4 Rxd4 31. Qxd4 Qc2 32. Rd2 Qc1+ 33. Rd1 Qc2 34. Rd2 Qc1+ 35. Rd1 1/2-1/2

[Event "CAN-ch"]
[Site "Toronto CAN"]
[Date "1978.08.18"]
[Round "13"]
[White "Piasetski, Leon"]
[Black "Berry, Jonathan"]
[Result "1/2-1/2"]
[WhiteElo "2410"]
[BlackElo "2320"]
[PlyCount "82"]
[GameId "2160767912913394"]
[EventDate "1978.08.05"]
[EventType "tourn"]
[EventRounds "15"]
[EventCountry "CAN"]
[SourceTitle "MCD"]
[Source "ChessBase"]
[SourceVersion "1"]
[SourceQuality "1"]

1. c4 e6 2. Nc3 d5 3. d4 c5 4. e3 Nf6 5. Nf3 Nc6 6. cxd5 exd5 7. Be2 cxd4 8. Nxd4 Bd6 9. O-O O-O 10. Nxc6 bxc6 11. b3 Qc7 12. g3 Bh3 13. Re1 Rad8 14. Bb2 Rfe8 15. Rc1 Qd7 16. Bf3 Qf5 17. Bh1 Ng4 18. Qf3 Ne5 19. Qxf5 Bxf5 20. Red1 Nd3 21. Rc2 Nxb2 22. Rxb2 Be5 23. Rc1 c5 24. Rd2 d4 25. Nd5 Rc8 26. Bf3 Kf8 27. Kg2 Red8 28. exd4 cxd4 29. Rxc8 Rxc8 30. Nb4 Rc7 31. h4 h6 32. Nc6 Bf6 33. Nb4 Rd7 34. Nd3 Ke7 35. Nc5 Rc7 36. Re2+ Kd6 37. Ne4+ Bxe4 38. Bxe4 Rc3 39. Rd2 Kc5 40. Bd3 Kb4 41. Kf3 Rc1 1/2-1/2

[Event "CAN-ch"]
[Site "Toronto CAN"]
[Date "1978.08.19"]
[Round "14"]
[White "Day, Lawrence"]
[Black "Piasetski, Leon"]
[Result "0-1"]
[WhiteElo "2350"]
[BlackElo "2410"]
[PlyCount "90"]
[GameId "2160767912913397"]
[EventDate "1978.08.05"]
[EventType "tourn"]
[EventRounds "15"]
[EventCountry "CAN"]
[SourceTitle "MCD"]
[Source "ChessBase"]
[SourceVersion "1"]
[SourceQuality "1"]

1. e4 d6 2. d4 g6 3. c4 Bg7 4. Nc3 a6 5. Nf3 c6 6. Bf4 Bg4 7. d5 Bxf3 8. gxf3 Nd7 9. Rc1 Ngf6 10. h4 O-O 11. Qd2 Nh5 12. Be3 cxd5 13. cxd5 Rc8 14. Bh3 Rc7 15. f4 b5 16. Rd1 Qb8 17. Ne2 Qb7 18. Rg1 Rc4 19. f3 Rfc8 20. Bd4 Rc2 21. Qe3 Bxd4 22. Nxd4 Rxb2 23. f5 Ndf6 24. fxg6 hxg6 25. Bxc8 Qxc8 26. Rc1 Qh3 27. Nf5 Ng4 28. Rxg4 Nf4 29. Rg1 Qh2 30. Kd1 Kh7 31. Nd4 Nd3 32. Ne2 Rxe2 33. Qxd3 Qxg1+ 34. Kxe2 Qxc1 35. h5 Qc4 36. hxg6+ Kxg6 37. Qxc4 bxc4 38. f4 Kh5 39. Ke3 Kg4 40. f5 f6 41. a4 a5 42. Kd4 Kf4 43. Kxc4 Kxe4 44. Kb5 Kxd5 45. Kxa5 Kc5 0-1

[Event "Quebec op"]
[Site "Montreal CAN"]
[Date "1978.07.30"]
[Round "9"]
[White "Biyiasas, Peter"]
[Black "Piasetski, Leon"]
[Result "0-1"]
[WhiteElo "2407"]
[BlackElo "2305"]
[PlyCount "100"]
[GameId "2160767912913476"]
[EventDate "1978.07.22"]
[EventType "swiss"]
[EventRounds "9"]
[EventCountry "CAN"]
[SourceTitle "EXT 2022"]
[Source "ChessBase"]
[SourceDate "2021.10.06"]
[SourceVersion "1"]
[SourceVersionDate "2021.10.06"]
[SourceQuality "1"]

1. e4 c5 2. Nf3 Nc6 3. Bb5 e6 4. O-O Nge7 5. Re1 Ng6 6. c3 a6 7. Ba4 c4 8. Bc2 Be7 9. b3 d5 10. Qe2 Nf4 11. Qe3 dxe4 12. Qxf4 exf3 13. Qxf3 cxb3 14. axb3 O-O 15. d4 Bd7 16. Qd3 g6 17. Bh6 Re8 18. Nd2 Bf8 19. Bxf8 Rxf8 20. Ne4 Kg7 21. Re3 Ne7 22. Rae1 Nf5 23. Rh3 h5 24. Ng3 Rc8 25. Re5 Rh8 26. c4 Qg5 27. Re1 Qf6 28. Nxf5+ exf5 29. f4 b5 30. Re5 a5 31. c5 Rhd8 32. Qc3 b4 33. Qc4 Rb8 34. d5 Bb5 35. Qd4 Ra8 36. Rhe3 a4 37. bxa4 Bxa4 38. Bxa4 Rxa4 39. h3 Rda8 40. Rg3 Ra1+ 41. Kh2 Rc1 42. Rd3 Raa1 43. d6 Rh1+ 44. Kg3 Raf1 45. Rxf5 h4+ 46. Kg4 gxf5+ 47. Kh5 Qxd4 48. Rxd4 Rd1 49. Rxb4 Rc1 50. Rd4 Rhd1 0-1

[Event "Quebec op"]
[Site "Montreal CAN"]
[Date "1973.10.07"]
[Round "3"]
[White "Piasetski, Leon"]
[Black "Zalys, Ignas"]
[Result "1-0"]
[WhiteElo "2308"]
[BlackElo "1869"]
[PlyCount "55"]
[GameId "2160767913055488"]
[EventDate "1973.10.06"]
[EventType "swiss"]
[EventRounds "6"]
[EventCountry "CAN"]
[SourceTitle "EXT 2022"]
[Source "ChessBase"]
[SourceDate "2021.10.06"]
[SourceVersion "1"]
[SourceVersionDate "2021.10.06"]
[SourceQuality "1"]

1. b3 Nf6 2. Bb2 e6 3. c4 b6 4. Nf3 Bb7 5. g3 Be7 6. Bg2 O-O 7. O-O d6 8. Qc2 Qc8 9. Nc3 Nbd7 10. d4 c5 11. e4 d5 12. exd5 exd5 13. Rfe1 Qd8 14. cxd5 Nxd5 15. Nxd5 Bxd5 16. dxc5 Rc8 17. Rad1 Rxc5 18. Qe2 Be6 19. Nd4 Re5 20. Qxe5 Nxe5 21. Nxe6 Qc8 22. Nxf8 Bxf8 23. Bxe5 Bb4 24. Rc1 Qf5 25. Bc3 Bf8 26. Re8 Qd7 27. Bc6 Qxc6 28. Rxf8+ 1-0

[Event "Quebec op"]
[Site "Montreal CAN"]
[Date "1973.10.07"]
[Round "4"]
[White "Wachtel, Robert"]
[Black "Piasetski, Leon"]
[Result "1/2-1/2"]
[WhiteElo "2187"]
[BlackElo "2308"]
[PlyCount "47"]
[GameId "2160767913055497"]
[EventDate "1973.10.06"]
[EventType "swiss"]
[EventRounds "6"]
[EventCountry "CAN"]
[SourceTitle "EXT 2022"]
[Source "ChessBase"]
[SourceDate "2021.10.06"]
[SourceVersion "1"]
[SourceVersionDate "2021.10.06"]
[SourceQuality "1"]

1. e4 g6 2. d4 Bg7 3. Nf3 d6 4. Bc4 Nf6 5. Qe2 O-O 6. O-O Nc6 7. e5 Nd7 8. e6 Nb6 9. Bb3 d5 10. exf7+ Rxf7 11. c3 Bg4 12. Nbd2 e5 13. h3 Bxf3 14. Nxf3 exd4 15. Qd3 dxc3 16. bxc3 Qf6 17. Be3 Qf5 18. Rad1 Ne7 19. Bxb6 axb6 20. c4 c6 21. Qe3 dxc4 22. Bxc4 Nd5 23. Qb3 Rd7 24. Qxb6 1/2-1/2

[Event "Quebec op"]
[Site "Montreal CAN"]
[Date "1973.10.08"]
[Round "5"]
[White "Engalicev, Nicolas"]
[Black "Piasetski, Leon"]
[Result "1-0"]
[Annotator ",Hugh"]
[WhiteElo "2105"]
[BlackElo "2308"]
[PlyCount "65"]
[GameId "2160767739448116"]
[EventDate "1973.10.06"]
[EventType "swiss"]
[EventRounds "6"]
[EventCountry "CAN"]
[SourceTitle "hb 2014"]

1. Nf3 f5 2. b3 Nf6 3. Bb2 e6 4. e3 Be7 5. h4 d6 6. d4 b6 7. Bc4 Ne4 8. a3 Bf6 9. Nbd2 Qe7 10. Qe2 Bb7 11. O-O-O a6 12. Bd3 Nd7 13. Rdg1 c5 14. Bxe4 fxe4 15. Ng5 d5 16. Qg4 e5 17. Ne6 Rc8 18. f3 Rc6 19. Ng5 cxd4 20. fxe4 dxe3 21. Nf1 d4 22. Kb1 Qc5 23. Qd1 h6 24. Nf3 O-O 25. Ne1 Be7 26. Nd3 Qa5 27. b4 Qa4 28. g4 Rfc8 29. Rg2 Rc3 30. Ng3 Nf6 31. Nxe5 Nxe4 32. Qxd4 Rxc2 33. Rxc2 {Time/temps} 1-0

[Event "CAN-ch"]
[Site "Toronto CAN"]
[Date "1972.06.10"]
[Round "1"]
[White "Piasetski, Leon"]
[Black "Berry, Jonathan"]
[Result "1/2-1/2"]
[WhiteElo "2275"]
[BlackElo "2240"]
[PlyCount "113"]
[GameId "2160767913080679"]
[EventDate "1972.06.10"]
[EventType "tourn"]
[EventRounds "17"]
[EventCountry "CAN"]
[SourceTitle "MCD-ch"]

1. e4 e5 2. Nf3 Nc6 3. Bb5 a6 4. Ba4 d6 5. O-O Bd7 6. c3 Nge7 7. d4 Ng6 8. Re1 Be7 9. Nbd2 h6 10. Nf1 Bg5 11. Ne3 Bxe3 12. Bxe3 O-O 13. Bc2 Qe7 14. Nd2 Rad8 15. Nf1 Qf6 16. Ng3 Nf4 17. Nf5 Bxf5 18. exf5 Nd5 19. dxe5 dxe5 20. Qf3 Nxe3 21. Qxe3 Rd6 22. g3 Rfd8 23. h4 Rd2 24. Re2 Qd6 25. Rae1 f6 26. b4 Kf8 27. Qf3 Qd5 28. Qxd5 R8xd5 29. Bb3 Rxe2 30. Rxe2 Rd3 31. Re3 Rd2 32. Kf1 Ne7 33. Ke1 Rd6 34. Bc2 Nd5 35. Rf3 Ke7 36. Be4 c6 37. Rd3 Nb6 38. Rxd6 Kxd6 39. Kd2 Nc4+ 40. Kd3 b5 41. Bf3 a5 42. Bh5 axb4 43. cxb4 Ke7 44. Bf3 Kd7 45. Be4 Nd6 46. f3 Nc4 47. Kc3 Nb6 48. a3 Kd6 49. Bc2 Nd5+ 50. Kb3 c5 51. Be4 h5 52. bxc5+ Kxc5 53. Bxd5 Kxd5 54. Kb4 Kc6 55. Kb3 Kb7 56. Kb2 Kb6 57. Kc2 1/2-1/2

[Event "CAN-ch"]
[Site "Toronto CAN"]
[Date "1972.06.11"]
[Round "2"]
[White "Fuster, Geza"]
[Black "Piasetski, Leon"]
[Result "0-1"]
[WhiteElo "2280"]
[BlackElo "2275"]
[PlyCount "75"]
[GameId "2160767913080683"]
[EventDate "1972.06.10"]
[EventType "tourn"]
[EventRounds "17"]
[EventCountry "CAN"]
[SourceTitle "MCD-ch"]

1. d4 Nf6 2. c4 c5 3. Nf3 cxd4 4. Nxd4 e6 5. g3 d5 6. Bg2 Bb4+ 7. Nc3 O-O 8. Nc2 Bxc3+ 9. bxc3 Qa5 10. cxd5 exd5 11. Bb2 Bf5 12. O-O Nbd7 13. Ne3 Be4 14. Bxe4 dxe4 15. c4 Qh5 16. Bxf6 Nxf6 17. Kg2 Rae8 18. Rb1 b6 19. Rb5 Re5 20. a4 h6 21. Qd4 Rxb5 22. axb5 Qxe2 23. Ra1 Qf3+ 24. Kg1 Nh7 25. h4 f5 26. Rxa7 Nf6 27. Qd1 Qxd1+ 28. Nxd1 Ng4 29. Ne3 Nxe3 30. fxe3 Rc8 31. Rb7 Rxc4 32. Rxb6 Rc2 33. Kf1 Kf7 34. Rb7+ Kg6 35. b6 Rb2 36. Ke1 Rg2 37. h5+ Kf6 38. Rc7 0-1

[Event "CAN-ch"]
[Site "Toronto CAN"]
[Date "1972.06.12"]
[Round "3"]
[White "Piasetski, Leon"]
[Black "Selick, Paul"]
[Result "1-0"]
[WhiteElo "2275"]
[BlackElo "2275"]
[PlyCount "43"]
[GameId "2160767913080697"]
[EventDate "1972.06.10"]
[EventType "tourn"]
[EventRounds "17"]
[EventCountry "CAN"]
[SourceTitle "MCD-ch"]

1. e4 c5 2. Nf3 d6 3. d4 cxd4 4. Nxd4 Nf6 5. Nc3 g6 6. Be3 Bg7 7. f3 Nc6 8. Qd2 O-O 9. O-O-O d5 10. Nxc6 bxc6 11. exd5 Nxd5 12. Nxd5 cxd5 13. Qxd5 Qc7 14. Qc5 Qb7 15. Qb5 Qc7 16. Qc5 Qb7 17. b3 Be6 18. Qb5 Qc7 19. Qc5 Qb7 20. Qa5 Rfc8 21. Ba6 Bf5 22. Rd8+ 1-0

[Event "CAN-ch"]
[Site "Toronto CAN"]
[Date "1972.06.13"]
[Round "4"]
[White "Smook, Roger"]
[Black "Piasetski, Leon"]
[Result "0-1"]
[WhiteElo "2200"]
[BlackElo "2275"]
[PlyCount "56"]
[GameId "2160767913080706"]
[EventDate "1972.06.10"]
[EventType "tourn"]
[EventRounds "17"]
[EventCountry "CAN"]
[SourceTitle "MCD-ch"]

1. d4 Nf6 2. c4 c5 3. d5 b5 4. cxb5 a6 5. bxa6 Bxa6 6. Nc3 d6 7. Nf3 g6 8. Nd2 Bg7 9. e4 O-O 10. Bxa6 Nxa6 11. Nc4 Nd7 12. O-O Nb6 13. Qe2 Nxc4 14. Qxc4 Qd7 15. a4 Rfb8 16. Nb5 Nc7 17. Nxc7 Qxc7 18. Qc2 Rb4 19. Ra2 Qb7 20. Re1 Rb8 21. Re2 Qa6 22. Be3 Rxb2 23. Rxb2 Rxb2 24. Qxb2 Bxb2 25. Rxb2 Qxa4 26. Rb8+ Kg7 27. f3 Qa7 28. Rc8 Qa6 0-1

[Event "CAN-ch"]
[Site "Toronto CAN"]
[Date "1972.06.14"]
[Round "5"]
[White "Piasetski, Leon"]
[Black "Markov, Bozidar"]
[Result "1-0"]
[WhiteElo "2275"]
[BlackElo "2200"]
[PlyCount "109"]
[GameId "2160767913080714"]
[EventDate "1972.06.10"]
[EventType "tourn"]
[EventRounds "17"]
[EventCountry "CAN"]
[SourceTitle "MCD-ch"]

1. b3 e5 2. Bb2 Nc6 3. e3 d5 4. Bb5 f6 5. d4 e4 6. c4 Be6 7. Nc3 Bb4 8. Nge2 Nge7 9. O-O Bxc3 10. Nxc3 f5 11. Ba3 a6 12. Bxe7 Qxe7 13. cxd5 axb5 14. dxe6 b4 15. Nd5 Qd6 16. Qh5+ g6 17. Nf6+ Kd8 18. Qh6 Kc8 19. Qg7 Rd8 20. Nxh7 Qxe6 21. Ng5 Qe8 22. Rfc1 Rd7 23. Qh6 Ne7 24. Nh3 Rd6 25. Nf4 Ra5 26. Qg7 Rd7 27. Qf6 Kb8 28. Rc4 Rd6 29. Qg7 Rb5 30. h4 Rd7 31. Qf6 Rd6 32. Qg7 Rd7 33. Qf6 Rd6 34. Qg5 Qf7 35. Rac1 c6 36. Rc5 Rxc5 37. Rxc5 Nd5 38. Nxd5 cxd5 39. Qf4 Qe6 40. Rb5 Kc8 41. Rxb4 Rc6 42. Ra4 Ra6 43. Qe5 Qxe5 44. dxe5 Re6 45. Ra8+ Kd7 46. Rg8 b5 47. Rg7+ Kc8 48. Kh2 f4 49. Kh3 Rc6 50. Kg4 fxe3 51. fxe3 Rc2 52. e6 Kd8 53. Kf4 Rf2+ 54. Ke5 d4 55. Kd6 1-0

[Event "CAN-ch"]
[Site "Toronto CAN"]
[Date "1972.06.16"]
[Round "7"]
[White "Piasetski, Leon"]
[Black "Labelle, Jacques"]
[Result "0-1"]
[WhiteElo "2275"]
[BlackElo "2200"]
[PlyCount "78"]
[GameId "2160767913080732"]
[EventDate "1972.06.10"]
[EventType "tourn"]
[EventRounds "17"]
[EventCountry "CAN"]
[SourceTitle "MCD-ch"]

1. e4 e5 2. Nf3 Nc6 3. Bb5 a6 4. Ba4 Nf6 5. O-O Nxe4 6. d4 b5 7. Bb3 d5 8. dxe5 Be6 9. c3 Bc5 10. Nbd2 O-O 11. Bc2 Nxf2 12. Rxf2 f6 13. exf6 Bxf2+ 14. Kxf2 Qxf6 15. Kg1 Rae8 16. h3 Ne5 17. Nxe5 Qf2+ 18. Kh2 Qf4+ 19. Kh1 Qxe5 20. Nf3 Qg3 21. Qd3 Bf5 22. Qxd5+ Be6 23. Qg5 Rxf3 24. gxf3 Qxh3+ 25. Kg1 Bg4 26. Qxg4 Re1+ 27. Kf2 Qf1+ 28. Kg3 Qg1+ 29. Kf4 Qh2+ 30. Qg3 g5+ 31. Kg4 h5+ 32. Kf5 Qxg3 33. Be4 Rg1 34. a4 Qd6 35. axb5 axb5 36. Ra8+ Kg7 37. Be3 Rg3 38. Bd4+ Kf7 39. Re8 Qf4# 0-1

[Event "CAN-ch"]
[Site "Toronto CAN"]
[Date "1972.06.19"]
[Round "10"]
[White "Piasetski, Leon"]
[Black "Macskasy, Elod"]
[Result "1/2-1/2"]
[WhiteElo "2275"]
[BlackElo "2280"]
[PlyCount "114"]
[GameId "2160767913080757"]
[EventDate "1972.06.10"]
[EventType "tourn"]
[EventRounds "17"]
[EventCountry "CAN"]
[SourceTitle "MCD-ch"]

1. Nf3 d5 2. b3 Nf6 3. Bb2 e6 4. g3 b6 5. Bg2 Bb7 6. O-O Nbd7 7. c4 dxc4 8. bxc4 c5 9. d3 Be7 10. a4 Qc7 11. a5 O-O 12. Nc3 a6 13. axb6 Nxb6 14. Qc2 Nfd7 15. Rfb1 Bf6 16. Na4 Nxa4 17. Bxf6 gxf6 18. Qxa4 Ra7 19. Qa5 Qc8 20. Ra3 Bc6 21. h4 Qa8 22. Rab3 Rc8 23. Ne1 Bxg2 24. Nxg2 Qc6 25. Ne1 h6 26. Nf3 Kh7 27. Qa1 a5 28. Ra3 a4 29. Rb5 Rca8 30. Nd2 f5 31. e3 e5 32. d4 f4 33. Qb1+ Kh8 34. d5 Qf6 35. exf4 exf4 36. Qa1 Qxa1+ 37. Rxa1 fxg3 38. fxg3 a3 39. Ra2 Ra4 40. Kf1 Rb4 41. Nb1 Rxc4 42. Rxa3 Rc1+ 43. Ke2 Re8+ 44. Re3 Re1+ 45. Kxe1 Rxe3+ 46. Kd2 Rxg3 47. Nc3 Kg7 48. Ne4 Rg4 49. Ke3 c4 50. h5 f5 51. Nf2 f4+ 52. Kd4 Rg2 53. Ne4 Kf7 54. Rb7 Ke8 55. Nd6+ Kd8 56. Nf7+ Ke8 57. Nd6+ Kd8 1/2-1/2